[Event "21st ch-EUR Indiv w 2021"]
[Site "Iasi ROU"]
[Date "2021.08.09"]
[Round "1.24"]
[White "Sankova, Stella"]
[Black "Mammadova, Gulnar"]
[Result "0-1"]
[WhiteTitle "WFM"]
[BlackTitle "IM"]
[WhiteElo "2100"]
[BlackElo "2385"]
[WhiteFideId "14944200"]
[BlackFideId "13403508"]
[EventDate "2021.08.09"]

1. e4 e5 2. Nf3 Nc6 3. Bc4 Nf6 4. d3 h6 5. Nbd2 d6 6. c3 g6 7. O-O Bg7 8. Bb3
O-O 9. Nc4 Be6 10. Re1 Nh5 11. Ne3 Qd7 12. Ba4 a6 13. d4 b5 14. Bc2 exd4 15.
cxd4 Bg4 16. Nxg4 Qxg4 17. e5 Qd7 18. e6 fxe6 19. d5 Ne7 20. dxe6 Qe8 21. Qd3
Nf4 22. Bxf4 Rxf4 23. h4 Qc6 24. h5 Bxb2 25. Rab1 Bg7 26. Re2 Raf8 27. Nh2 Qc3
28. Qd1 Qc5 29. Nf3 Qxh5 30. a4 bxa4 31. Bxa4 Qg4 32. Nh2 Qg5 33. Bc2 Rd4 34.
Qe1 Rh4 35. g3 Bd4 36. Rb3 Rhf4 37. Be4 Rxf2 38. Rxf2 Bxf2+ 39. Qxf2 Rxf2 40.
Kxf2 Qd2+ 0-1

[Event "21st ch-EUR Indiv w 2021"]
[Site "Iasi ROU"]
[Date "2021.08.09"]
[Round "1.25"]
[White "Garifullina, Leya"]
[Black "Trippold, Denise"]
[Result "1-0"]
[WhiteTitle "WGM"]
[BlackTitle "WFM"]
[WhiteElo "2385"]
[BlackElo "2098"]
[WhiteFideId "34127035"]
[BlackFideId "1625594"]
[EventDate "2021.08.09"]

1. e4 e6 2. d4 d5 3. Nc3 Nf6 4. e5 Nfd7 5. f4 c5 6. Nf3 Nc6 7. Be3 a6 8. Qd2 b5
9. a3 Qa5 10. dxc5 Bxc5 11. Bxc5 Nxc5 12. Nd4 Qb6 13. Nxc6 Qxc6 14. Ne2 Qb6 15.
Nd4 Bd7 16. Qe3 Na4 17. b3 Nc5 18. b4 Na4 19. Bd3 O-O 20. O-O Rac8 21. Kh1 f5
22. exf6 Rxf6 23. Rae1 Rcf8 24. g3 Kh8 25. Nf3 Rc8 26. Ne5 Qd6 27. g4 Nb2 28. g5
Rff8 29. Bxh7 Kxh7 30. Qh3+ Kg8 31. f5 Rxf5 32. g6 Rxc2 1-0

[Event "21st ch-EUR Indiv w 2021"]
[Site "Iasi ROU"]
[Date "2021.08.09"]
[Round "1.26"]
[White "Ilyuchyk, Yana"]
[Black "Salimova, Nurgyul"]
[Result "1/2-1/2"]
[WhiteTitle "WFM"]
[BlackTitle "IM"]
[WhiteElo "2097"]
[BlackElo "2382"]
[WhiteFideId "13508407"]
[BlackFideId "2915138"]
[EventDate "2021.08.09"]

1. e4 c6 2. d4 d5 3. Nd2 dxe4 4. Nxe4 Nf6 5. Nxf6+ exf6 6. c3 Bd6 7. Bd3 O-O 8.
Qc2 Re8+ 9. Ne2 h5 10. O-O h4 11. h3 Nd7 12. Be3 Nf8 13. Rad1 Bd7 14. c4 Rc8 15.
Rfe1 Bb8 16. Qc1 Ne6 17. Kf1 Qa5 18. Qd2 Qh5 19. d5 cxd5 20. cxd5 Ng5 21. Ng1
Ne4 22. Qe2 Qh8 23. Rc1 f5 24. Rxc8 Bxc8 25. Bxe4 fxe4 26. Qb5 Kh7 27. Ne2 a6
28. Qb4 g6 29. Rd1 Qf6 30. Nc3 Qe5 31. d6 Be6 32. Nxe4 a5 33. Qd4 Qxd4 34. Rxd4
Kg7 35. Bg5 Bd7 36. a4 Ba7 37. Rc4 Be6 38. Rc7 Bb6 39. Bf6+ Kh6 40. Rxb7 Bc4+
41. Kg1 Rxe4 42. Rxb6 Be6 43. b3 Re1+ 44. Kh2 Rd1 45. Bxh4 g5 46. Bg3 Rd3 47.
Be5 Bxb3 48. Rb5 Bxa4 49. Rxa5 Bd7 50. Bf6 g4 51. hxg4 Bxg4 52. f3 Be6 53. Be7
Kg6 54. Rg5+ Kh6 55. f4 f5 56. Kg1 Rd2 57. Kf1 Kh7 58. Ke1 Rd4 59. g3 Rd3 60.
Kf2 Rd2+ 61. Ke3 Rd1 62. Bf8 Kh8 63. Ke2 Rh1 64. Rg6 Bd7 65. Be7 Kh7 66. Rf6 Kg7
67. g4 fxg4 68. f5 Rh5 69. Rg6+ Kf7 70. Rxg4 Rxf5 71. Re4 Rd5 72. Ke3 Bf5 73.
Rb4 Ke6 74. Kf4 Bd3 75. Ke3 Bf5 76. Rf4 Rd3+ 77. Ke2 Rd5 78. Rf2 Rb5 79. Ke3 Rd5
80. Rb2 Kd7 81. Kf4 Ke6 82. Re2+ Kd7 83. Rb2 Ke6 84. Rb4 Bg6 85. Rb7 Be8 86. Rb8
Bc6 87. Rf8 Rd1 88. Rf6+ Kd7 89. Ke3 Rd5 90. Rf7 Ke6 91. Rg7 Bb5 92. Bf8 Bc6 93.
Rh7 Rf5 94. Be7 Rd5 95. Kf4 Rf5+ 96. Kg4 Rd5 97. Bf8 Rd4+ 98. Kg5 Rd5+ 99. Kg4
Rd4+ 100. Kg3 Rd3+ 101. Kg4 1/2-1/2

[Event "21st ch-EUR Indiv w 2021"]
[Site "Iasi ROU"]
[Date "2021.08.09"]
[Round "1.27"]
[White "Brunello, Marina"]
[Black "Kazarian, Anna-Maja"]
[Result "1/2-1/2"]
[WhiteTitle "IM"]
[BlackTitle "FM"]
[WhiteElo "2379"]
[BlackElo "2096"]
[WhiteFideId "822590"]
[BlackFideId "1033689"]
[EventDate "2021.08.09"]

1. e4 e6 2. d4 d5 3. e5 c5 4. c3 Qb6 5. Nf3 Bd7 6. Be2 Bb5 7. c4 Bxc4 8. Bxc4
dxc4 9. d5 exd5 10. Qxd5 Ne7 11. Qxc4 Qb4+ 12. Nbd2 Nec6 13. Qd5 Be7 14. e6 f6
15. a3 Qb5 16. Nc4 O-O 17. Nd6 Qa6 18. Nf5 Kh8 19. Qe4 Re8 20. Be3 Nd8 21. O-O-O
Qxe6 22. Rxd8 Bxd8 23. Qxb7 Qc4+ 24. Kd1 Qa4+ 25. Kc1 Qc4+ 26. Kd1 Qa4+ 27. Kc1
Qc4+ 28. Kd1 1/2-1/2

[Event "21st ch-EUR Indiv w 2021"]
[Site "Iasi ROU"]
[Date "2021.08.09"]
[Round "1.28"]
[White "Allahverdiyeva, Ayan"]
[Black "Balajayeva, Khanim"]
[Result "0-1"]
[WhiteTitle "WFM"]
[BlackTitle "WGM"]
[WhiteElo "2095"]
[BlackElo "2376"]
[WhiteFideId "13412590"]
[BlackFideId "13406396"]
[EventDate "2021.08.09"]

1. e4 e5 2. Nf3 Nf6 3. Nxe5 d6 4. Nf3 Nxe4 5. Nc3 Nxc3 6. dxc3 Be7 7. Bf4 Nc6 8.
Qd2 Be6 9. O-O-O Qd7 10. Bd3 O-O-O 11. Qe3 Kb8 12. Bb5 Bf6 13. Be5 Qe7 14. Bxf6
Qxf6 15. Bxc6 bxc6 16. Nd4 Bd7 17. Nb3 Rhe8 18. Qd2 Re5 19. c4 c5 20. Kb1 Rde8
21. Na5 Qf5 22. Rhe1 Kc8 23. Rxe5 Rxe5 24. f3 Ba4 25. b3 Bd7 26. Re1 h6 27. a3
Kd8 28. Nb7+ Kc8 29. Na5 Qg5 30. f4 Rxe1+ 31. Qxe1 Qxf4 32. Qe7 Qe5 33. Qf8+ Qe8
34. Qxg7 Qe1+ 35. Kb2 Qxa5 36. Qf8+ Kb7 37. c3 Be6 38. Qxh6 Qb6 39. Qf4 Qc6 40.
Qf2 Qe4 41. a4 Bf5 42. Ka3 Qb1 43. Qb2 Kc8 44. h3 Kd7 45. b4 Qxb2+ 46. Kxb2 Bd3
47. Kb3 Bf1 48. g3 Bxh3 49. bxc5 dxc5 50. a5 a6 0-1

[Event "21st ch-EUR Indiv w 2021"]
[Site "Iasi ROU"]
[Date "2021.08.09"]
[Round "1.29"]
[White "Radeva, Viktoria"]
[Black "Mkrtchyan, Mariam"]
[Result "1-0"]
[WhiteTitle "WGM"]
[BlackTitle "WFM"]
[WhiteElo "2372"]
[BlackElo "2093"]
[WhiteFideId "2915405"]
[BlackFideId "13310828"]
[EventDate "2021.08.09"]

1. e4 c6 2. d4 d5 3. Nc3 dxe4 4. Nxe4 Nf6 5. Nxf6+ exf6 6. c3 Bd6 7. Bd3 O-O 8.
Qc2 Re8+ 9. Ne2 h5 10. h3 Nd7 11. O-O h4 12. Be3 Nf8 13. c4 Bc7 14. Rad1 g5 15.
c5 Bb8 16. Bc1 Kg7 17. f4 Ne6 18. Bc4 b5 19. cxb6 Qxb6 20. fxg5 fxg5 21. Rxf7+
Kxf7 22. Qh7+ Kf6 23. Rf1+ Bf4 24. Bxf4 gxf4 25. Rxf4+ Nxf4 26. Qf7+ Kg5 27.
Qxf4+ Kg6 28. Qf7+ Kg5 29. Qxe8 Qc7 30. Qe3+ Kf5 31. Qh6 Ke4 32. Qxh4+ Ke3 33.
Qg5+ Ke4 34. Bb3 Kd3 35. Kf2 1-0

[Event "21st ch-EUR Indiv w 2021"]
[Site "Iasi ROU"]
[Date "2021.08.09"]
[Round "1.30"]
[White "Nilssen, Ellen Fredericia"]
[Black "Injac, Teodora"]
[Result "0-1"]
[WhiteTitle "WFM"]
[BlackTitle "WGM"]
[WhiteElo "2081"]
[BlackElo "2370"]
[WhiteFideId "1441230"]
[BlackFideId "932400"]
[EventDate "2021.08.09"]

1. d4 Nf6 2. c4 e6 3. Nc3 Bb4 4. e3 O-O 5. Bd2 d5 6. Rc1 Re8 7. a3 Bf8 8. Nf3 b6
9. Ne5 c5 10. cxd5 exd5 11. Bb5 Re6 12. O-O Ba6 13. Bxa6 Nxa6 14. f4 Nc7 15. Be1
Ne4 16. Qh5 Qe8 17. f5 f6 18. Qd1 Re7 19. Nxe4 dxe4 20. Ng4 Rd7 21. Qb3+ Kh8 22.
dxc5 Bxc5 23. Bb4 Rd3 24. Qc4 Bxb4 25. axb4 Nd5 26. Rfe1 Rd8 27. Rcd1 h5 28.
Rxd3 exd3 29. Nf2 d2 30. Ra1 Nxe3 31. Qe2 Nc2 32. Qxe8+ Rxe8 33. Rf1 Ne3 34. Ra1
Rc8 35. Re1 dxe1=Q# 0-1

[Event "21st ch-EUR Indiv w 2021"]
[Site "Iasi ROU"]
[Date "2021.08.09"]
[Round "1.31"]
[White "Kulon, Klaudia"]
[Black "Nastase, Andreea-Cristina"]
[Result "1/2-1/2"]
[WhiteTitle "IM"]
[BlackTitle "WFM"]
[WhiteElo "2363"]
[BlackElo "2074"]
[WhiteFideId "1131044"]
[BlackFideId "1221183"]
[EventDate "2021.08.09"]

1. c4 c5 2. g3 g6 3. Bg2 Bg7 4. Nc3 Nc6 5. e4 e5 6. Nge2 Nge7 7. O-O O-O 8. d3
d6 9. f4 Be6 10. h3 Qd7 11. Kh2 exf4 12. Nxf4 Nd4 13. Be3 a6 14. a4 Rab8 15. Rb1
Nec6 16. Nfd5 f5 17. b4 cxb4 18. Nxb4 Nxb4 19. Rxb4 Nc6 20. Rb3 Na5 21. Ra3 Bxc3
22. Rxc3 fxe4 23. Rxf8+ Rxf8 24. Bb6 Nc6 25. dxe4 Ne5 26. Qd4 Nc6 27. Qg1 Qg7
28. Rc2 Ne5 29. Bd4 Qd7 30. Bxe5 dxe5 31. Qb6 Qc6 32. Qa5 Bxc4 33. Qxe5 Qxa4 34.
Rb2 Qd7 35. Qc3 b5 36. Rd2 Qe6 37. Qb4 Bf1 38. Rd6 Qa2 39. Rd2 Qf7 40. Qd6 Bxg2
41. Rxg2 Qf6 42. Qd5+ Qf7 43. Qd6 Qf6 44. Qd5+ Qf7 45. Qd6 1/2-1/2

[Event "21st ch-EUR Indiv w 2021"]
[Site "Iasi ROU"]
[Date "2021.08.09"]
[Round "1.32"]
[White "Koubova, Anna Marie"]
[Black "Belenkaya, Dina"]
[Result "1/2-1/2"]
[BlackTitle "WGM"]
[WhiteElo "2073"]
[BlackElo "2350"]
[WhiteFideId "381470"]
[BlackFideId "24142654"]
[EventDate "2021.08.09"]

1. d4 Nf6 2. Nf3 e6 3. c4 Bb4+ 4. Bd2 Be7 5. Nc3 d5 6. Bg5 c6 7. e3 Nbd7 8. h3
a6 9. a4 O-O 10. Be2 h6 11. Bh4 b6 12. O-O Bb7 13. Rc1 c5 14. b3 Rc8 15. Bd3 Ne4
16. Bxe7 Qxe7 17. Qe2 Ndf6 18. Nd2 Rfd8 19. Rfd1 Nxc3 20. Rxc3 cxd4 21. exd4
dxc4 22. Rxc4 a5 23. Rxc8 Rxc8 24. Ba6 Nd5 25. Bxb7 Qxb7 26. Ne4 Qc6 27. Qf3 Nc3
28. Re1 Qd5 29. Re3 Nxe4 30. Qxe4 Rc1+ 31. Kh2 Qxe4 32. Rxe4 Rb1 33. Re3 Rd1 34.
Re5 Rxd4 35. Rb5 Rd6 36. b4 axb4 37. Rxb4 h5 38. h4 g6 39. g3 Kg7 40. Rb5 Kf6
41. a5 bxa5 42. Rxa5 e5 43. Ra4 Kf5 44. Ra7 f6 45. Kg2 Rd2 46. Ra8 Rd4 47. Rb8
Rg4 48. Rh8 Ke6 49. Re8+ Kf7 50. Ra8 Rd4 51. Ra7+ Ke6 52. Ra6+ Rd6 53. Ra4 f5
54. Ra5 Rb6 55. Ra4 Kf6 56. Ra5 e4 57. Rc5 Rb2 58. Rc6+ Kf7 59. Kf1 Rd2 60. Ra6
Rd3 61. Kg2 Rd7 62. Rb6 Re7 63. Ra6 Re6 64. Ra7+ Kf6 65. Ra5 Rc6 66. Rb5 Ke6 67.
Ra5 Kd6 68. Kf1 Kc7 69. Re5 Rf6 70. Kg2 Kd6 71. Ra5 Re6 72. Kf1 Kc6 73. Kg2 Kb6
74. Rd5 Kc6 75. Ra5 Kd7 76. Ra7+ Ke8 77. Rb7 Kf8 78. Ra7 Rb6 79. Rc7 Rb2 80. Kf1
Rb3 81. Kg2 Rd3 82. Ra7 Kg8 83. Rb7 Rf3 84. Re7 Kf8 85. Re6 Kf7 86. Re5 Kf6 87.
Re8 Rd3 88. Ra8 Ke5 89. Re8+ Kf6 90. Ra8 Rd2 91. Re8 Rd6 92. Ra8 Ke5 93. Ra4 Rb6
94. Kg1 Kd5 95. Kg2 Kc5 96. Kg1 Rd6 97. Kg2 Kb5 98. Ra1 Kc4 99. Rc1+ Kd4 100.
Rd1+ Ke5 101. Ra1 Rd2 102. Ra5+ Rd5 103. Ra4 Rd6 104. Rb4 Ra6 105. Kg1 Kd5 106.
Kg2 Kc5 1/2-1/2

[Event "21st ch-EUR Indiv w 2021"]
[Site "Iasi ROU"]
[Date "2021.08.09"]
[Round "1.33"]
[White "Zimina, Olga"]
[Black "Schloffer, Jasmin-Denise"]
[Result "1-0"]
[WhiteTitle "IM"]
[BlackTitle "WFM"]
[WhiteElo "2345"]
[BlackElo "2070"]
[WhiteFideId "4132190"]
[BlackFideId "1631209"]
[EventDate "2021.08.09"]

1. d4 Nf6 2. Nf3 e6 3. g3 d5 4. Bg2 Be7 5. O-O O-O 6. c4 dxc4 7. Qc2 a6 8. Rd1
Bd7 9. Ne5 Bc6 10. Nxc6 Nxc6 11. Qxc4 Nd5 12. Nc3 Nb6 13. Qd3 Nb4 14. Qb1 N4d5
15. Bd2 c6 16. e4 Nf6 17. Ne2 Nbd7 18. h4 Qb6 19. Bc3 Rfd8 20. Qc2 c5 21. d5
exd5 22. exd5 Bd6 23. Qf5 Re8 24. Nf4 Be5 25. d6 g6 26. Qc2 Bxf4 27. gxf4 Nh5
28. Qd2 Qd8 29. f5 Qxh4 30. fxg6 hxg6 31. Qh6 Ne5 32. d7 Re6 33. Rd5 Qg4 34.
d8=Q+ Re8 35. Bxe5 1-0

[Event "21st ch-EUR Indiv w 2021"]
[Site "Iasi ROU"]
[Date "2021.08.09"]
[Round "1.34"]
[White "Zelbova, Lada"]
[Black "Charochkina, Daria"]
[Result "1/2-1/2"]
[BlackTitle "IM"]
[WhiteElo "2070"]
[BlackElo "2340"]
[WhiteFideId "23717882"]
[BlackFideId "4180917"]
[EventDate "2021.08.09"]

1. e4 c6 2. Nc3 d5 3. Nf3 dxe4 4. Nxe4 Nf6 5. Qe2 Nxe4 6. Qxe4 Qd5 7. Qh4 Qe6+
8. Be2 Qg4 9. Qg3 h5 10. Ne5 Qf5 11. Bd3 Qf6 12. b3 Nd7 13. Bb2 Nc5 14. Bc4 e6
15. O-O-O Ne4 16. Qe3 Nd6 17. Bd3 Nf5 18. Qe2 Be7 19. Kb1 Qh6 20. Rde1 O-O 21.
g4 hxg4 22. Nxg4 Qh4 23. Rhg1 f6 24. Bc4 Kh8 25. Bxe6 Bc5 26. Qd3 Qh5 27. Bxc8
Raxc8 28. Ne3 Nh6 29. Qc4 Rcd8 30. d3 a5 31. Ng4 b5 32. Qf4 Bd6 33. Qf3 Nxg4 34.
Qxg4 Qxg4 35. Rxg4 Rde8 36. Rge4 Rxe4 37. Rxe4 Kg8 38. Re6 Rd8 39. h3 Kf7 40.
Re4 Rh8 41. Re3 Rh5 42. Bd4 Rf5 43. Re1 c5 44. Be3 Rf3 45. Rh1 f5 46. d4 f4 47.
dxc5 fxe3 48. cxd6 exf2 49. Rf1 Ke6 50. Kc1 Kxd6 51. Kd2 Ke5 52. Ke2 Rc3 53. Kd2
Rxh3 54. Rxf2 g5 55. c4 bxc4 56. bxc4 Ra3 57. Ke1 Rc3 58. Rb2 a4 59. Rb4 a3 60.
c5 Rxc5 61. Rb3 Ra5 62. Kf2 Kf4 63. Rb4+ Kf5 64. Kg3 Re5 65. Rb3 Ra5 66. Rb4 Ra8
67. Rc4 Re8 68. Rc3 Ra8 69. Rc4 Ra6 70. Rb4 Ra5 1/2-1/2

[Event "21st ch-EUR Indiv w 2021"]
[Site "Iasi ROU"]
[Date "2021.08.09"]
[Round "1.35"]
[White "Peycheva, Gergana"]
[Black "Tarasenka, Aliaksandra"]
[Result "1-0"]
[WhiteTitle "FM"]
[BlackTitle "WFM"]
[WhiteElo "2332"]
[BlackElo "2061"]
[WhiteFideId "2916711"]
[BlackFideId "13514288"]
[EventDate "2021.08.09"]

1. d4 d5 2. c4 e6 3. Nc3 a6 4. cxd5 exd5 5. Qb3 Nf6 6. Bg5 c6 7. e4 dxe4 8. Bc4
Qe7 9. a4 h6 10. Bxf6 Qxf6 11. Nxe4 Qg6 12. Nf3 Nd7 13. O-O Be7 14. Nh4 Qh5 15.
Nf3 O-O 16. Rfe1 Qa5 17. d5 cxd5 18. Bxd5 Nb6 19. Nc3 Nxd5 20. Nxd5 Bc5 21. Ne7+
Bxe7 22. Rxe7 Be6 23. Qxb7 Rab8 24. Qa7 Rxb2 25. Re1 Qb6 26. h3 Rc8 27. Nd4 Qxa7
28. Rxa7 Bc4 29. Nf5 Rd8 30. Re4 Rd1+ 31. Kh2 Bd3 32. Re8+ Kh7 33. Rxf7 Kg6 34.
Nd6 Rb6 35. Re6+ Kh7 36. Rfe7 Bc2 37. Nc4 Rxe6 38. Rxe6 Bxa4 39. Nb2 Rd4 40.
Rxa6 Bb5 41. Rb6 Rd5 42. g3 Bf1 43. g4 h5 44. Kg3 hxg4 45. hxg4 Rb5 46. Rxb5
Bxb5 47. Kf4 Kg6 48. Nd1 Kf6 49. Nc3 Bc6 50. Ne4+ Ke6 51. f3 Bb5 52. Kg5 Ke5 53.
Ng3 Ke6 54. Kg6 Ke5 55. Kg5 Ke6 56. Nf5 Bd3 57. Nxg7+ Kf7 58. Nf5 Bc2 59. f4 Bd1
60. Ne3 Be2 61. Kh6 Kg8 62. f5 Bd3 63. Kg6 1-0

[Event "21st ch-EUR Indiv w 2021"]
[Site "Iasi ROU"]
[Date "2021.08.09"]
[Round "1.36"]
[White "Tsirulnik, Maritsa"]
[Black "Chernyak, Viktoria"]
[Result "1-0"]
[BlackTitle "WGM"]
[WhiteElo "2046"]
[BlackElo "2319"]
[WhiteFideId "14118688"]
[BlackFideId "24165956"]
[EventDate "2021.08.09"]

1. d4 Nf6 2. c4 e6 3. g3 d5 4. Bg2 dxc4 5. Qa4+ c6 6. Qxc4 b5 7. Qc2 Bb7 8. Nf3
Nbd7 9. Ne5 Rc8 10. O-O Qb6 11. Nxd7 Nxd7 12. Nc3 Qxd4 13. Be3 Qb4 14. Bxa7 Be7
15. a4 Ba6 16. Rfd1 bxa4 17. Nxa4 Bb5 18. Bd4 Bf6 19. Bc3 Qe7 20. Rxd7 Qxd7 21.
Nb6 Qc7 22. Nxc8 Qxc8 23. Bxf6 gxf6 24. Qc5 1-0

[Event "21st ch-EUR Indiv w 2021"]
[Site "Iasi ROU"]
[Date "2021.08.09"]
[Round "1.37"]
[White "Cosma, Elena-Luminita"]
[Black "Petrenko, Svetlana"]
[Result "1/2-1/2"]
[WhiteTitle "WGM"]
[BlackTitle "IM"]
[WhiteElo "2311"]
[BlackElo "2018"]
[WhiteFideId "1201590"]
[BlackFideId "13900196"]
[EventDate "2021.08.09"]

1. d4 d5 2. c4 e6 3. Nf3 Nf6 4. g3 Bb4+ 5. Bd2 Be7 6. Bg2 O-O 7. O-O Ne4 8. Qc2
c6 9. Rd1 Nd7 10. Be1 f5 11. Nc3 g5 12. Ne5 Nxe5 13. dxe5 Qc7 14. cxd5 cxd5 15.
f3 Qb6+ 16. Kh1 Nf2+ 17. Bxf2 Qxf2 18. Qd3 f4 19. Rac1 Qb6 20. gxf4 gxf4 21. Bh3
Qxb2 22. Rb1 Qa3 23. Rg1+ Kh8 24. Rg4 Rf5 25. Rg8+ Kxg8 26. Bxf5 exf5 27. Qxd5+
Kh8 28. Rg1 Be6 29. Qxe6 Rf8 30. Nb5 Qb4 31. Nd6 Bxd6 32. exd6 Qd4 33. Qe7 Qf6
34. Rd1 Qg7 35. Rc1 Qxe7 36. dxe7 Re8 37. Rc7 b6 38. Rxa7 Kg7 39. Rb7 Kf7 40.
Rxb6 Rxe7 41. Rb2 Ra7 42. Kg2 Ke6 43. Kh3 Ke5 44. Kh4 Ra6 45. Kh5 h6 46. Rd2 Rb6
47. h4 Ra6 48. a4 Rxa4 49. Kxh6 Ra6+ 50. Kg5 Ra1 51. Rb2 Rg1+ 52. Kh6 Kf6 53.
Rb6+ Kf7 54. h5 Rg2 55. Rg6 Rg3 56. Kh7 Rh3 57. Rg7+ Kf6 58. h6 Rh2 59. Rg6+ Kf7
60. Rg7+ Kf6 61. Rg6+ Kf7 62. Rg7+ Kf6 63. Rg8 Kf7 64. Rg7+ Kf6 65. Rg8 1/2-1/2

[Event "21st ch-EUR Indiv w 2021"]
[Site "Iasi ROU"]
[Date "2021.08.09"]
[Round "1.38"]
[White "Levitan, Ronit"]
[Black "Mamedjarova, Turkan"]
[Result "1/2-1/2"]
[WhiteTitle "WCM"]
[BlackTitle "WGM"]
[WhiteElo "2012"]
[BlackElo "2309"]
[WhiteFideId "2815109"]
[BlackFideId "13402005"]
[EventDate "2021.08.09"]

1. e4 e5 2. Nf3 Nc6 3. Bc4 Bc5 4. c3 Nf6 5. d3 d6 6. Nbd2 a6 7. Bb3 Ba7 8. h3 h6
9. Nf1 Nh5 10. g4 Nf4 11. Bxf4 exf4 12. Qd2 Ne5 13. N1h2 Qf6 14. d4 Ng6 15.
O-O-O Be6 16. Bc2 O-O-O 17. Rhe1 Kb8 18. Qe2 Rhe8 19. Kb1 Bd7 20. Qc4 c5 21. e5
dxe5 22. dxe5 Qe6 23. Bb3 Qxc4 24. Bxc4 Be6 25. Rxd8+ Rxd8 26. Bxe6 fxe6 27. c4
b5 28. b3 Kb7 29. Kc2 Bb8 30. Nf1 Ne7 31. N1d2 Nc6 32. a3 Kb6 33. Re4 g5 34. Re1
Rd7 35. Ne4 Bc7 36. Ned2 Rd8 37. Re2 Rh8 38. Ne4 Rd8 39. Ned2 Bb8 40. Re1 Rh8
41. Ne4 Rd8 42. Ned2 1/2-1/2

[Event "21st ch-EUR Indiv w 2021"]
[Site "Iasi ROU"]
[Date "2021.08.09"]
[Round "1.39"]
[White "Calzetta Ruiz, Monica"]
[Black "Verbin, Valentina"]
[Result "1-0"]
[WhiteTitle "WGM"]
[WhiteElo "2306"]
[BlackElo "2012"]
[WhiteFideId "2204185"]
[BlackFideId "13905910"]
[EventDate "2021.08.09"]

1. c4 e5 2. Nc3 Bb4 3. Nf3 Nc6 4. g3 Nf6 5. Bg2 d6 6. O-O e4 7. Ne1 Bxc3 8. dxc3
h6 9. Nc2 O-O 10. Ne3 Re8 11. a4 a5 12. b3 Ne5 13. Ra2 Bd7 14. f3 exf3 15. exf3
Qc8 16. Re1 Bh3 17. Bh1 Ng6 18. Rae2 Qd7 19. Nd5 Nxd5 20. cxd5 h5 21. c4 Rxe2
22. Qxe2 c6 23. dxc6 bxc6 24. f4 h4 25. Bd2 Rb8 26. Qe3 Qb7 27. Rb1 Bf5 28. Rb2
Be6 29. Qd4 Qc7 30. Bc3 f6 31. Qe4 Bf7 32. Qxc6 Qa7+ 33. Kf1 hxg3 34. hxg3 Qe3
35. Qf3 Qxf3+ 36. Bxf3 Rxb3 37. Rxb3 Bxc4+ 38. Kf2 Bxb3 39. Bc6 Ne7 40. Bd7 Kf8
41. Bxa5 Nd5 42. Bd8 Nc3 43. a5 Ne4+ 44. Ke3 Nc5 45. Bb5 Bd5 46. a6 Ne6 47. Bb6
g6 48. Bd7 Ke7 49. Bc8 Nd8 50. Kd4 Bc6 51. Bxd8+ Kxd8 52. Bb7 Bxb7 53. axb7 Kc7
54. Kd5 1-0

[Event "21st ch-EUR Indiv w 2021"]
[Site "Iasi ROU"]
[Date "2021.08.09"]
[Round "1.40"]
[White "Hercog, Nusa"]
[Black "Sliwicka, Alicja"]
[Result "0-1"]
[WhiteTitle "WFM"]
[BlackTitle "WIM"]
[WhiteElo "2000"]
[BlackElo "2306"]
[WhiteFideId "14614324"]
[BlackFideId "1150677"]
[EventDate "2021.08.09"]

1. d4 Nf6 2. c4 g6 3. Nc3 d5 4. cxd5 Nxd5 5. e4 Nxc3 6. bxc3 Bg7 7. Nf3 c5 8.
Bb5+ Bd7 9. Bxd7+ Qxd7 10. O-O O-O 11. e5 Nc6 12. Bb2 Rfd8 13. Qe2 Qe6 14. Rfd1
cxd4 15. cxd4 Nb4 16. Ng5 Qf5 17. Ne4 Rac8 18. a3 Nd5 19. g3 h5 20. Rac1 Bh6 21.
Rxc8 Rxc8 22. Rd3 h4 23. Rb3 hxg3 24. hxg3 b6 25. Kg2 Kg7 26. Nc3 Nxc3 27. Rxc3
Rh8 28. g4 Qb1 29. Rh3 Rc8 30. Rc3 Rxc3 31. Bxc3 Qb3 32. Bb2 a5 33. f3 a4 34.
Kg3 e6 35. Qh2 Qe3 36. Qf2 Bf4+ 37. Kg2 Qb3 38. Kh3 b5 39. Kg2 g5 40. Qe2 b4 41.
axb4 a3 42. Ba1 Qb1 43. Bc3 a2 44. Qb2 Be3 45. Qa1 Qc2+ 46. Kh1 Bf4 0-1

[Event "21st ch-EUR Indiv w 2021"]
[Site "Iasi ROU"]
[Date "2021.08.09"]
[Round "1.41"]
[White "Heinemann, Josefine"]
[Black "Bashylina, Luisa"]
[Result "1-0"]
[WhiteTitle "WGM"]
[BlackTitle "WCM"]
[WhiteElo "2296"]
[BlackElo "1992"]
[WhiteFideId "12900460"]
[BlackFideId "12983292"]
[EventDate "2021.08.09"]

1. e4 c5 2. Nf3 a6 3. c4 Nc6 4. d4 cxd4 5. Nxd4 e5 6. Nf5 d6 7. Nc3 g6 8. Ne3
Bh6 9. Be2 Nf6 10. O-O O-O 11. Nc2 Bxc1 12. Rxc1 Be6 13. Qd2 Qd7 14. Rfd1 Rfd8
15. h3 Rac8 16. Qe3 Ne7 17. b3 Qc7 18. Na4 Nd7 19. Qg5 f6 20. Qd2 Nc5 21. Nc3 b6
22. Ne3 Qb7 23. Bf3 Nc6 24. Bg4 Nd4 25. Ned5 Kg7 26. f4 b5 27. b4 Bxg4 28. hxg4
Nce6 29. cxb5 Nxb5 30. g5 fxg5 31. Nxb5 Qxb5 32. fxg5 Nd4 33. Kh2 Rf8 34. Rxc8
Rxc8 35. Rc1 Nc6 36. a4 Qb8 37. Qf2 Rf8 38. Qh4 Qe8 39. Rxc6 Qxc6 40. Qh6+ 1-0

[Event "21st ch-EUR Indiv w 2021"]
[Site "Iasi ROU"]
[Date "2021.08.09"]
[Round "1.42"]
[White "Von Herman, Brigitte"]
[Black "Antova, Gabriela"]
[Result "0-1"]
[WhiteTitle "WFM"]
[BlackTitle "FM"]
[WhiteElo "1991"]
[BlackElo "2292"]
[WhiteFideId "4628730"]
[BlackFideId "2915235"]
[EventDate "2021.08.09"]

1. e4 c5 2. c3 d5 3. exd5 Qxd5 4. d4 Nf6 5. Nf3 e6 6. Bd3 Be7 7. O-O O-O 8. Be3
Rd8 9. Qe2 b6 10. Nbd2 Bb7 11. Rfe1 cxd4 12. cxd4 Nc6 13. a3 Rac8 14. Rad1 Ng4
15. Be4 Qd6 16. h3 Nxe3 17. fxe3 Qb8 18. Qb5 Bf6 19. Qh5 g6 20. Qh6 Bg7 21. Qh4
h6 22. Bb1 e5 23. Nf1 Rd7 24. d5 Na5 25. e4 Nc4 26. Qf2 Nd6 27. Rc1 Rxc1 28.
Rxc1 Rc7 29. Qd2 Rxc1 30. Qxc1 Qc8 31. Qxc8+ Bxc8 32. Bd3 f5 33. N1d2 Kf7 34.
Kf2 Kf6 35. Ng1 h5 36. Ngf3 Bh6 37. Ke2 fxe4 38. Nxe4+ Nxe4 39. Bxe4 Bc1 40. b3
Bxa3 41. Nd2 Bb4 42. Nc4 b5 43. Nb2 a5 44. Bd3 Bd7 45. Nd1 a4 46. bxa4 bxa4 47.
Bc4 e4 48. Ba2 Bb5+ 0-1

[Event "21st ch-EUR Indiv w 2021"]
[Site "Iasi ROU"]
[Date "2021.08.09"]
[Round "1.43"]
[White "Kiolbasa, Oliwia"]
[Black "Obada, Ema"]
[Result "1-0"]
[WhiteTitle "WIM"]
[BlackTitle "WCM"]
[WhiteElo "2288"]
[BlackElo "1981"]
[WhiteFideId "1154613"]
[BlackFideId "1234803"]
[EventDate "2021.08.09"]

1. e4 e6 2. d4 d5 3. e5 c5 4. c3 Nc6 5. Nf3 Bd7 6. Be2 Nge7 7. O-O Nf5 8. dxc5
Bxc5 9. c4 dxc4 10. Bxc4 O-O 11. Nc3 Nfd4 12. Bf4 Nxf3+ 13. Qxf3 Nd4 14. Qg4 f5
15. exf6 Qxf6 16. Be3 Bc6 17. Ne4 Bxe4 18. Qxe4 Kh8 19. Rad1 Rad8 20. Bd3 g6 21.
Qxb7 Rb8 22. Qc7 Rfc8 23. Qf4 Qg7 24. Rc1 e5 25. Qg4 Rc7 26. b3 Bd6 27. Rxc7
Bxc7 28. Rc1 Re8 29. Qh4 Bd8 30. Qe4 Nf5 31. Bb5 Rf8 32. Bc5 Rg8 33. Bc4 Bg5 34.
Re1 Re8 35. f4 Bh4 36. g3 Qc7 37. Bf2 Bf6 38. fxe5 Bxe5 39. Qd5 Kg7 40. Bd3 Rd8
41. Qxe5+ Qxe5 42. Rxe5 Rxd3 43. Bxa7 Kf6 44. Re2 Kg5 45. b4 Kg4 46. Kg2 h5 47.
Bf2 Nd6 48. b5 h4 49. h3+ Kf5 50. b6 hxg3 51. Bxg3 1-0